000
00338nam a22001457a 4500
008
230707b ||||| |||| 00| 0 eng d
020
_a
9780803925476
041
_a
eng
080
_2
VOLUME91
_a
159.9
082
_a
159.9SPA
100
_a
25
101
_a
PSI
245
_a
THE SOCIAL PSYCHOLOGY OF AGING
_c
SPACAPAN.SH
942
_2
udc
_c
BK
999
_c
60119
_d
60119